VAT yearbook 2009 : (Record no. 91)

000 -LEADER
fixed length control field nam a22 a 4500
005 - DATE AND TIME OF LATEST TRANSACTION
control field 20170417114941.0
008 - FIXED-LENGTH DATA ELEMENTS--GENERAL INFORMATION
fixed length control field 170417t2009 ne ||||| |||| 00| 0 eng d
020 ## - INTERNATIONAL STANDARD BOOK NUMBER
International Standard Book Number 9789041131393
040 ## - CATALOGING SOURCE
Original cataloging agency AKMAL
082 ## - DEWEY DECIMAL CLASSIFICATION NUMBER
Classification number 343.9304 DAL
090 ## - LOCALLY ASSIGNED LC-TYPE CALL NUMBER (OCLC); LOCAL CALL NUMBER (RLIN)
Classification number (OCLC) (R) ; Classification number, CALL (RLIN) (NR) 343.9304
Local cutter number (OCLC) ; Book number/undivided call number, CALL (RLIN) DAL
245 00 - TITLE STATEMENT
Title VAT yearbook 2009 :
Remainder of title VAT decisions of the European Court of Justice 1974-2008
260 ## - PUBLICATION, DISTRIBUTION, ETC.
Place of publication, distribution, etc. Alphen aan den Rijn :
Name of publisher, distributor, etc. Kluwer Law International ;
Date of publication, distribution, etc. 2009-
300 ## - PHYSICAL DESCRIPTION
Extent v.
Dimensions 25cm. +
Accompanying material CD-ROMs.
500 ## - GENERAL NOTE
General note Compilers: S.H. Dale and W.A.P. Nieuwenhuizen.
500 ## - GENERAL NOTE
General note Latest issue consulted: 2009.
500 ## - GENERAL NOTE
General note Includes index
650 00 - SUBJECT ADDED ENTRY--TOPICAL TERM
Source of heading or term Value-added tax
Form subdivision Digests.
General subdivision Law and legislation
Geographic subdivision European Union countries
9 (RLIN) 236
700 10 - ADDED ENTRY--PERSONAL NAME
Personal name Dale, Stephen.
9 (RLIN) 237
700 10 - ADDED ENTRY--PERSONAL NAME
Personal name Nieuwenhuizen, W. A. P.
Dates associated with a name 1962-
Fuller form of name (Wilbert A. P.),
9 (RLIN) 238
942 ## - ADDED ENTRY ELEMENTS (KOHA)
Source of classification or shelving scheme
Koha item type Book
950 ## - LOCAL HOLDINGS (RLIN)
Permanent shelving location, LOC (RLIN) AKMAL
Holdings
Withdrawn status Lost status Source of classification or shelving scheme Damaged status Not for loan Collection code Home library Current library Shelving location Date acquired Inventory number Total Checkouts Full call number Barcode Date last seen Price effective from Koha item type
          NON-FICTION AKMAL Melaka AKMAL Melaka PINJAMAN 17.04.2017 305691   343.9304 DAL 201700132 17.04.2017 17.04.2017 Book
Pusat Sumber Maklumat Dato' Haji Sarmin Md Hussin, Akademi Kastam Diraja Malaysia, Melaka
Tel: 06-2331106 | Faks: 06-2313787